LEADER 00996nam a2200229 u 4500 001 000000065450 003 CaOOAMICUS 005 20070226121452.0 008 011207s1896 it u000 u ita u 035 $a10913152 040 $aPUL(R)$bita 100 1 $aCannizzaro, S.$0(OLS)http://pul/name/44076 245 10$aScritti intorno alla Teoria Molecolare ed Atomica ed alla notazione chimica /$cS. Cannizzaro. 260 $aPalermo :$bLo Statuto,$c1896. 300 $a385 p. ;$c22 cm 500 $aSul front. "Pubblicati nel 70° anniversario della sua nascita". 650 4$aFisica atomica.$0(OLS)http://pul/subject/6753 850 $aPUL 852 $aPUL$W1$xDP1 Antico 800$y27$m92 G 38$j84738$nBK-PRI$b $qStampati Antico$B84738$CPULBib$Z2$F84738 $H $81 941 1 $a15 996 $6245$aScritti intorno alla Teoria Molecolare ed Atomica ed alla notazione chimica$9(OLS)http://pul/title/87064 996 $6260$aPalermo :$bLo Statuto$9(OLS)http://pul/publisher/71154 LEADER 01233nam a2200301 a 4500 001 000000171393 003 CaOOAMICUS 005 20190125175420.0 006 a 000 u 008 190125s2013 it u000 u ita r 020 $a978-88-01-04710-3* 032 $aLibriCat 040 $aPUL(R)$bita 100 1 $aLorenzin, Tiziano,$d1941-$0(OLS)http://pul/name/79272 245 00$aEsperti in umanità :$bintroduzione ai libri sapienziali e poetici /$cTiziano Lorenzin. 260 $aTorino :$bElledici,$c2013. 300 $a330 p. ;$c21 cm 490 1 $aGraphé ;$av. 4 504 $aBibliografia in nota a piè pagina e alle pagine 318-320. 630 04$aBiblia.$pV.T.$xManuali.$0(OLS)http://pul/subject/45834 830 0$aGraphé ;$v4.$0(OLS)http://pul/title/174483 850 $aPUL 852 $aPUL$W1$xSL Religione 3$y85$m220 COLL 9.4$j195085$qDDC 21$B199985$CPULBib$Z2$F199985 $H132194 $82 941 1 $a9 996 $6020$a978-88-01-04710-3*$9(OLS)http://pul/number/165652 996 $6245$aEsperti in umanità :$bintroduzione ai libri sapienziali e poetici$9(OLS)http://pul/title/212214 996 $6260$aTorino :$bElledici$9(OLS)http://pul/publisher/67321